"Pediatric Audiology : Diagnosis, Technology and Management" (Record no. 235678)

MARC details
000 -LEADER
fixed length control field 00571nam a2200205Ia 4500
008 - FIXED-LENGTH DATA ELEMENTS--GENERAL INFORMATION
fixed length control field 240823s9999||||xx |||||||||||||| ||und||
020 ## - INTERNATIONAL STANDARD BOOK NUMBER
International Standard Book Number 978-1-60406-844-3
082 ## - DEWEY DECIMAL CLASSIFICATION NUMBER
-- 618.9209789 Q4
100 ## - MAIN ENTRY--PERSONAL NAME
Personal name "Madell,Jane R"
245 #0 - TITLE STATEMENT
Title "Pediatric Audiology : Diagnosis, Technology and Management"
250 ## - EDITION STATEMENT
Edition statement 2nd
260 ## - PUBLICATION, DISTRIBUTION, ETC. (IMPRINT)
Date of publication, distribution, etc 2014
Name of publisher, distributor, etc Thieme Publica
500 ## - GENERAL NOTE
General note TRANSFERED
650 ## - SUBJECT ADDED ENTRY--TOPICAL TERM
Topical term or geographic name as entry element Audiology Speech and Language Pathology
700 ## - ADDED ENTRY--PERSONAL NAME
Personal name " Flexer,Carol"
942 ## - ADDED ENTRY ELEMENTS (KOHA)
Item type Books
Holdings
Withdrawn status Lost status Damaged status Permanent location Current location Shelving location Date acquired Source of acquisition Full call number Barcode Date last seen Koha item type
      CENTRAL LIBRARY, NOORUL ISLAM CENTRE FOR HIGHER EDUCATION CENTRAL LIBRARY, NOORUL ISLAM CENTRE FOR HIGHER EDUCATION   02/16/2024 Print Out 618.9209789 Q4 83371 08/23/2024 Books
Visitors:
Copyright © 2024 Central Library NICHE.  All rights reserved.